Man-eaters: Animals That Eat People - Statistics

General Stats
  • This quiz has been taken 124 times
  • The average score is 11 of 21
Answer Stats
Continent(s) Animal % Correct
AF, AS Lions
98%
AS Tigers
97%
AF Leopards
84%
AF, AS, OC Crocodiles
78%
Sharks (four species)
77%
NA Alligators
75%
NA Brown Bears
73%
NA Polar Bears
69%
NA, EU, AS Wolves
68%
SA Jaguars
67%
NA American Black Bears
65%
AF Hyenas (Spotted and Striped)
64%
SA, AF, AS Pythons (various species)
42%
SA Piranhas
28%
NA Coywolves
27%
AS Komodo Dragons
25%
AS Jackals
17%
Pigs
13%
Rats
11%
Humans
6%
EU, AS, SA? Catfish
1%
No matching quizzes found
Score Distribution
Percent of People with Each Score
Percentile by Number Answered
Your Score History
You have not taken this quiz